Outsourcing ako strategické marketingové rozhodnutie

Charakteristika pojmu outsourcing. Význam outsourcingu. Vymedzenie a formy outsourcingu. Outsourcing ako strategické marketingové rozhodnutie. Význam presnej formulácie požiadaviek na outsourcing. Ako môže outsourcing pomôcť podniku.

Uložené v:
Podrobná bibliografia
Hlavný autor: Daňo, Ferdinand, 1959-
Médium: Kapitola
Jazyk:Slovak
Predmet:
Tagy: Pridať tag
Žiadne tagy, Buďte prvý, kto otaguje tento záznam!

MARC

LEADER 00000naa$a2200000$$$4500
001 0023793
005 20240502071418.5
041 0 |a slo 
044 |a SK 
245 1 0 |a Outsourcing ako strategické marketingové rozhodnutie  |c Ferdinand Daňo 
520 |a Charakteristika pojmu outsourcing. Význam outsourcingu. Vymedzenie a formy outsourcingu. Outsourcing ako strategické marketingové rozhodnutie. Význam presnej formulácie požiadaviek na outsourcing. Ako môže outsourcing pomôcť podniku. 
610 2 0 |a outsourcing 
610 2 0 |a stratégia marketingová 
610 2 0 |a rozhodovanie 
610 2 0 |a podnik 
610 2 0 |a manažment 
100 1 |a Daňo, Ferdinand, 1959-